[Event "CTO. ABSOLUTO DE GIPUZKOA"]
[Site "Azkoitia"]
[Date "2010.11.13"]
[Round "5.13"]
[White "Cantabrana Garoña, Alejandro"]
[Black "Tung, Siu Hung"]
[Result "0-1"]
[WhiteElo "1788"]
[BlackElo "1875"]
[PlyCount "47"]
[EventDate "2010.10.16"]

1. b3 e5 2. Bb2 Nc6 3. g3 d6 4. Bg2 Nf6 5. d3 g6 6. e4 Bg7 7. Ne2 Be6 8. c4 O-O
9. Nbc3 Qd7 10. h4 Nd4 11. Nxd4 exd4 12. Ne2 c5 13. Bc1 Rab8 14. Bg5 Ng4 15.
Bd2 f5 16. O-O fxe4 17. Bxe4 Bf5 18. Rb1 Ne5 19. Bf4 Bxe4 20. dxe4 Nf3+ 21. Kg2
Qg4 22. Rh1 Ne5 23. Bxe5 Qf3+ 24. Kg1 0-1

[Event "CTO. ABSOLUTO DE GIPUZKOA"]
[Site "Azkoitia"]
[Date "2010.11.13"]
[Round "5.14"]
[White "Zubia Aramburu, Mikel"]
[Black "Sanchez Ruesga, Hector"]
[Result "0-1"]
[WhiteElo "1834"]
[BlackElo "1874"]
[PlyCount "44"]
[EventDate "2010.10.16"]

1. c4 Nf6 2. Nc3 e6 3. g3 d5 4. cxd5 exd5 5. d4 Be7 6. Bg2 O-O 7. Nf3 c6 8. O-O
Nbd7 9. e4 Nxe4 10. Nxe4 dxe4 11. Ne1 Nf6 12. Be3 Re8 13. Nc2 Bg4 14. Qd2 Qd7
15. b4 Rad8 16. a4 h6 17. Na3 Nd5 18. b5 Bb4 19. Qc2 cxb5 20. Nxb5 Rc8 21. Qb1
a6 22. Bxe4 axb5 0-1

[Event "CTO. ABSOLUTO DE GIPUZKOA"]
[Site "Azkoitia"]
[Date "2010.11.20"]
[Round "6.1"]
[White "Urretavizcaya Merino, Asier"]
[Black "Franco Alonso, Alejandro"]
[Result "0-1"]
[WhiteElo "2097"]
[BlackElo "2490"]
[PlyCount "62"]
[EventDate "2010.10.16"]

1. d4 Nf6 2. Bf4 e6 3. e3 c5 4. Nf3 Qb6 5. Nc3 Nc6 6. a3 Nh5 7. Bg5 h6 8. Bh4
g5 9. Nd2 cxd4 10. Nc4 Qd8 11. exd4 Nf4 12. Bg3 d5 13. Ne5 Nxe5 14. dxe5 Bg7
15. Bxf4 gxf4 16. Bb5+ Kf8 17. Qd2 Qg5 18. O-O-O Bxe5 19. Rhe1 a6 20. Bf1 Qf6
21. Kb1 Kg7 22. Ne2 Bd7 23. g3 Bxb2 24. Nxf4 h5 25. Re3 Rac8 26. Rf3 Bc3 27.
Qd3 Qd8 28. Qe3 Rc6 29. Ka2 Bf6 30. Bd3 Rc3 31. Ne2 Rxa3+ 0-1

[Event "CTO. ABSOLUTO DE GIPUZKOA"]
[Site "Azkoitia"]
[Date "2010.11.20"]
[Round "6.2"]
[White "Guijarro Galan, Jose Luis"]
[Black "Argandoña Riveiro, Iñigo"]
[Result "1/2-1/2"]
[WhiteElo "2222"]
[BlackElo "2408"]
[PlyCount "88"]
[EventDate "2010.10.16"]

1. Nc3 d5 2. e4 c6 3. d4 g6 4. f3 Bg7 5. Be3 h5 6. Qd2 Nf6 7. e5 Ng8 8. Bd3 Nh6
9. f4 Bf5 10. Nf3 Bxd3 11. Qxd3 e6 12. Ne2 Qa5+ 13. c3 Qa6 14. Kd2 Nf5 15. a4
Bf8 16. b4 Qxd3+ 17. Kxd3 a5 18. Rhb1 axb4 19. cxb4 Be7 20. Bd2 Nd7 21. a5 O-O
22. Nc3 Ra7 23. Na4 Rfa8 24. Nc5 Nb8 25. Na4 Bd8 26. Bc3 Na6 27. Nd2 Ne7 28.
Nb3 Nc8 29. Nbc5 b6 30. Nb3 Nb8 31. axb6 Nxb6 32. Nac5 Nc4 33. Rxa7 Rxa7 34.
Na5 Bxa5 35. bxa5 Na6 36. Nxa6 Rxa6 37. Rb8+ Kg7 38. Bb4 Nb2+ 39. Ke2 Nc4 40.
Be7 g5 41. f5 exf5 42. Bf6+ Kg6 43. Rg8+ Kh6 44. Rh8+ Kg6 1/2-1/2

[Event "CTO. ABSOLUTO DE GIPUZKOA"]
[Site "Azkoitia"]
[Date "2010.11.20"]
[Round "6.3"]
[White "Ruiz Martinez, Isidro"]
[Black "Martin Alvarez, Inigo"]
[Result "0-1"]
[WhiteElo "1955"]
[BlackElo "2292"]
[PlyCount "84"]
[EventDate "2010.10.16"]

1. e4 d6 2. d4 g6 3. Nc3 Bg7 4. Be3 a6 5. Nf3 b5 6. Bd3 Nd7 7. a4 b4 8. Nd5 c5
9. a5 e6 10. Nf4 cxd4 11. Bd2 Rb8 12. O-O Ne7 13. Qe1 Nc6 14. Bc4 Nc5 15. Nd3
Nxa5 16. Rxa5 Qxa5 17. Nxb4 Qc7 18. b3 O-O 19. Nd3 Bb7 20. Nxc5 dxc5 21. Ba5
Qc6 22. Nd2 Kh8 23. f3 f5 24. Bd3 Qd7 25. e5 g5 26. Qe2 Rf7 27. Nc4 Bf8 28. Ra1
Be7 29. Nb6 Qc6 30. Nc4 Rg8 31. Bd2 Qd7 32. Nb6 Qc7 33. Ba5 Qb8 34. Bc4 Rg6 35.
Na4 f4 36. h3 h5 37. Bd3 Rgg7 38. Bxa6 g4 39. hxg4 hxg4 40. Qb5 gxf3 41. Bxb7
Rxg2+ 42. Kf1 Rh7 0-1

[Event "CTO. ABSOLUTO DE GIPUZKOA"]
[Site "Azkoitia"]
[Date "2010.11.20"]
[Round "6.4"]
[White "Irure Crespo, Egoitz"]
[Black "Garro Beraza, Haritz"]
[Result "1-0"]
[WhiteElo "1977"]
[BlackElo "2153"]
[PlyCount "125"]
[EventDate "2010.10.16"]

1. d4 Nf6 2. Nc3 g6 3. e4 d6 4. f3 Bg7 5. Be3 O-O 6. Qd2 Re8 7. O-O-O c6 8. g4
b5 9. h4 h5 10. e5 dxe5 11. dxe5 Qxd2+ 12. Rxd2 Nfd7 13. gxh5 Nxe5 14. hxg6
Nxg6 15. h5 Bxc3 16. bxc3 Ne5 17. Bd4 Nbd7 18. Rg2+ Kh7 19. f4 c5 20. Bxe5 Nxe5
21. fxe5 Bb7 22. h6 Bxg2 23. Bxg2 Rab8 24. Be4+ Kh8 25. h7 Rb6 26. Nf3 Rf8 27.
Ng5 f6 28. Rf1 Kg7 29. e6 Rh8 30. Nf7 Rxe6 31. Bd5 Kxf7 32. Re1 Rxh7 33. Bxe6+
Ke8 34. Rd1 a6 35. Rg1 Kd8 36. Rg8+ Kc7 37. Ra8 Kb7 38. Bd5+ Kb6 39. Rb8+ Kc7
40. Rb7+ Kd6 41. c4 Ke5 42. Kb2 bxc4 43. Bxc4 Kd4 44. Bd3 Rg7 45. Bxa6 f5 46.
Rd7+ Ke5 47. Bc4 Kf4 48. Rd5 e5 49. Rxc5 Rb7+ 50. Kc1 Re7 51. Kd2 e4 52. Ba6
Ra7 53. Bc8 Rxa2 54. Rxf5+ Kg3 55. Rc5 Kf3 56. Bb7 Ra7 57. Rf5+ Kg4 58. Bxe4
Ra4 59. Ke3 Ra3+ 60. Bd3 Ra4 61. Rf8 Ra7 62. Rg8+ Kh5 63. c4 1-0

[Event "CTO. ABSOLUTO DE GIPUZKOA"]
[Site "Azkoitia"]
[Date "2010.11.20"]
[Round "6.5"]
[White "Nogues Fernandez, Ramon"]
[Black "Galarza Cenzano, Inigo"]
[Result "1-0"]
[WhiteElo "1908"]
[BlackElo "2027"]
[PlyCount "129"]
[EventDate "2010.10.16"]

1. e4 c5 2. Nf3 Nc6 3. d4 cxd4 4. Nxd4 e5 5. Nb5 a6 6. Nd6+ Bxd6 7. Qxd6 Qf6 8.
Qxf6 Nxf6 9. Bd3 h6 10. Nc3 b5 11. a3 d6 12. f4 Bb7 13. O-O Rd8 14. Be3 exf4
15. Bxf4 Ne5 16. Rae1 Nfd7 17. Be2 O-O 18. Rd1 Nc5 19. Bf3 Rfe8 20. Nd5 Bxd5
21. Rxd5 Ng6 22. Bxd6 Nxe4 23. Rfd1 Rc8 24. c3 Ng5 25. Bg4 Rc4 26. Bf5 Nh4 27.
Bd3 Rc6 28. Bg3 Ng6 29. Bf5 Re2 30. Rd8+ Kh7 31. R8d2 Rxd2 32. Rxd2 Ne6 33. Rd6
Rxd6 34. Bxd6 Kg8 35. Be4 Ngf4 36. g3 Ne2+ 37. Kf2 Nc1 38. Ke3 Nb3 39. Bd5 Na5
40. Bb4 Nc4+ 41. Bxc4 bxc4 42. Ke4 Ng5+ 43. Kd5 Nf3 44. Kxc4 Nxh2 45. Kd5 Ng4
46. b3 Nf6+ 47. Ke5 h5 48. c4 Ne8 49. c5 f6+ 50. Ke6 g5 51. Bc3 h4 52. gxh4
gxh4 53. Be1 Nc7+ 54. Kxf6 Nb5 55. c6 h3 56. Bg3 Kf8 57. c7 Na7 58. Ke6 Ke8 59.
b4 Nc8 60. a4 Nb6 61. Bh2 a5 62. bxa5 Nc8 63. Bg1 Ne7 64. a6 Nc8 65. a5 1-0

[Event "CTO. ABSOLUTO DE GIPUZKOA"]
[Site "Azkoitia"]
[Date "2010.11.20"]
[Round "6.6"]
[White "Etxagibel Larranaga, Asier"]
[Black "Priya Beitia, Aitor"]
[Result "1-0"]
[WhiteElo "1964"]
[BlackElo "1582"]
[PlyCount "105"]
[EventDate "2010.10.16"]

1. d4 Nf6 2. Nf3 e6 3. c4 Bb4+ 4. Nbd2 b6 5. g3 Bb7 6. Bg2 Ne4 7. O-O Nxd2 8.
Bxd2 Bxd2 9. Qxd2 Bxf3 10. Bxf3 c6 11. d5 O-O 12. b4 a6 13. a4 cxd5 14. cxd5
Ra7 15. Rfd1 d6 16. dxe6 fxe6 17. Qxd6 Qf6 18. Qxb6 Rd7 19. Rdb1 h5 20. Bxh5
Rfd8 21. b5 Rd6 22. Qe3 axb5 23. axb5 Nd7 24. Bf3 Nb6 25. Rc1 Nc4 26. Qc3 Rd1+
27. Kg2 Qxc3 28. Rxc3 Rxa1 29. Rxc4 Rb1 30. Rc6 Kf7 31. b6 Ke7 32. b7 Kd7 33.
Rc4 Ke7 34. Rc8 Rb6 35. Bc6 g6 36. e4 e5 37. f4 exf4 38. gxf4 Rd2+ 39. Kg3 Rdb2
40. Bd5 Kf6 41. e5+ Kg7 42. e6 Kf6 43. Rf8+ Ke7 44. Rf7+ Kd6 45. Rd7+ Kc5 46.
e7 Re2 47. Bf7 Rbb2 48. e8=Q Rg2+ 49. Kh4 Rxh2+ 50. Kg5 Rhg2+ 51. Kf6 Rgf2 52.
Qe5+ Kb6 53. b8=Q+ 1-0

[Event "CTO. ABSOLUTO DE GIPUZKOA"]
[Site "Azkoitia"]
[Date "2010.11.20"]
[Round "6.7"]
[White "Arana Garate, Jon"]
[Black "Tejedor Txapartegi, Nabar"]
[Result "0-1"]
[WhiteElo "1959"]
[BlackElo "1995"]
[PlyCount "56"]
[EventDate "2010.10.16"]

1. d4 d5 2. Nf3 Nc6 3. Bf4 Bg4 4. e3 e6 5. Nbd2 Nf6 6. Bd3 Bd6 7. Bxd6 cxd6 8.
O-O O-O 9. c3 e5 10. dxe5 dxe5 11. Be2 Qe7 12. Ne1 Bxe2 13. Qxe2 e4 14. Nb3 Ne5
15. Rd1 Rad8 16. f4 exf3 17. gxf3 Nc4 18. Ng2 Rfe8 19. Rfe1 Qe5 20. Nd4 Qg5 21.
Qf2 Re7 22. b3 Nd6 23. Qg3 Qh6 24. Kf2 Nde4+ 25. fxe4 Nxe4+ 26. Kf3 Nxg3 27.
hxg3 Qf6+ 28. Ke2 Qa6+ 0-1

[Event "CTO. ABSOLUTO DE GIPUZKOA"]
[Site "Azkoitia"]
[Date "2010.11.20"]
[Round "6.8"]
[White "Fernandez Zubitur, Jokin"]
[Black "Puga Senar, Fernando"]
[Result "1-0"]
[WhiteElo "1907"]
[BlackElo "1732"]
[PlyCount "105"]
[EventDate "2010.10.16"]

1. e4 e6 2. d4 d5 3. Nc3 Nf6 4. Bg5 Be7 5. e5 Nfd7 6. h4 a6 7. Qg4 Kf8 8. f4 f5
9. exf6 Nxf6 10. Qg3 c5 11. Bxf6 gxf6 12. O-O-O c4 13. Qf3 Nc6 14. f5 Qe8 15.
fxe6 Bxe6 16. Nxd5 Bxd5 17. Qxd5 Rd8 18. Qxc4 Na5 19. Qc3 Qa4 20. Kb1 Kf7 21.
b3 Qa3 22. Bc4+ Nxc4 23. Qxc4+ Kg7 24. Rh3 Rhf8 25. Re1 Rc8 26. Qe6 Bb4 27.
Qd7+ Kh8 28. Rg3 Rg8 29. Rxg8+ Rxg8 30. Re8 Bd2 31. Rxg8+ Kxg8 32. Qc8+ Kg7 33.
Qxb7+ Kh6 34. Ne2 Qd6 35. Qe4 a5 36. Qd3 Be1 37. Qe3+ Kg7 38. h5 Bh4 39. Qf4
Qe7 40. Qxh4 Qxe2 41. h6+ Kg6 42. Qf4 Qxg2 43. a4 Qe2 44. Kb2 Qe1 45. d5 Qd1
46. d6 Qd5 47. Kc1 Qh1+ 48. Kd2 Qg2+ 49. Ke3 Qg1+ 50. Ke4 Qg2+ 51. Kd4 Qg1+ 52.
Kd5 Qd1+ 53. Qd4 1-0

[Event "CTO. ABSOLUTO DE GIPUZKOA"]
[Site "Azkoitia"]
[Date "2010.11.20"]
[Round "6.9"]
[White "Segovia Sanchez, Antonio"]
[Black "Ruiz Abad, Juan Manuel"]
[Result "1/2-1/2"]
[WhiteElo "1983"]
[BlackElo "1896"]
[PlyCount "62"]
[EventDate "2010.10.16"]

1. d4 Nf6 2. Nf3 c5 3. c3 e6 4. Bf4 Nc6 5. e3 Be7 6. h3 O-O 7. Nbd2 d5 8. Bd3
Bd7 9. Ne5 Rc8 10. O-O Qb6 11. Bg5 Nb8 12. Rb1 cxd4 13. exd4 Bb5 14. Ndf3 Bxd3
15. Qxd3 a6 16. Ng4 Qd8 17. Nxf6+ Bxf6 18. Bf4 Nd7 19. Rfe1 b5 20. Ne5 Nb6 21.
Qg3 Bxe5 22. Bxe5 f6 23. Bf4 Re8 24. Re2 Qd7 25. Rbe1 Rc6 26. Qg4 a5 27. Bg3
Nc4 28. Bh4 Qf7 29. Bg3 Qd7 30. Bh4 Qf7 31. Bg3 Qd7 1/2-1/2

[Event "CTO. ABSOLUTO DE GIPUZKOA"]
[Site "Azkoitia"]
[Date "2010.11.20"]
[Round "6.10"]
[White "Alvarado Fernandez, Mikel"]
[Black "Sanchez Ruesga, Hector"]
[Result "1-0"]
[WhiteElo "2010"]
[BlackElo "1874"]
[PlyCount "69"]
[EventDate "2010.10.16"]

1. d4 d5 2. c4 e6 3. Nc3 Nf6 4. Bg5 Be7 5. Bxf6 Bxf6 6. e3 O-O 7. Nf3 a6 8.
cxd5 exd5 9. Be2 b6 10. O-O Bb7 11. b4 Nc6 12. a3 Ne7 13. Qb3 b5 14. Ne1 c6 15.
Nd3 Nf5 16. Nc5 Nd6 17. a4 Qc7 18. Rfe1 Rad8 19. axb5 axb5 20. Ra7 Ra8 21. Rea1
Rxa7 22. Rxa7 Ra8 23. Qa3 Qb8 24. Ra5 Bd8 25. Nxb7 Bxa5 26. Nxa5 Nb7 27. Nb1
Qc7 28. Nd2 Nxa5 29. Nb3 f5 30. Nxa5 f4 31. exf4 Re8 32. Qf3 Qe7 33. Bf1 Qd6
34. Qc3 Qxf4 35. Nxc6 1-0

[Event "CTO. ABSOLUTO DE GIPUZKOA"]
[Site "Azkoitia"]
[Date "2010.11.20"]
[Round "6.11"]
[White "Garro Beraza, Julen"]
[Black "Tung, Siu Hung"]
[Result "0-1"]
[WhiteElo "1959"]
[BlackElo "1875"]
[PlyCount "112"]
[EventDate "2010.10.16"]

1. e4 d6 2. d4 Nf6 3. Nc3 Nbd7 4. g3 e5 5. Nge2 c6 6. a4 Be7 7. Bg2 b6 8. h3
Bb7 9. Be3 Qc7 10. O-O h6 11. Qd2 a6 12. f4 Rd8 13. Rad1 b5 14. axb5 axb5 15.
d5 b4 16. dxc6 bxc3 17. cxd7+ Rxd7 18. Nxc3 O-O 19. Qf2 Ba6 20. Rfe1 Rb8 21.
Rb1 Qc6 22. Nd5 Bd8 23. Qd2 Bc4 24. b3 Rdb7 25. Rbd1 Bxd5 26. exd5 Qb5 27. Rf1
Ba5 28. Qf2 Bc3 29. fxe5 Bxe5 30. Bd4 Re7 31. Bxe5 Rxe5 32. Rde1 Rbe8 33. Rxe5
Rxe5 34. Rd1 Re2 35. c4 Qe8 36. Qf3 Re3 37. Qf4 Qe7 38. Ra1 Kh7 39. Qf5+ g6 40.
Qf2 Kg7 41. b4 Qe5 42. Rf1 Rxg3 43. b5 Rb3 44. b6 Rb2 45. Qf4 Qxf4 46. Rxf4
Rxb6 47. Kf2 Rb2+ 48. Kf3 Rc2 49. Bf1 Nd7 50. Ke3 Ne5 51. Re4 f5 52. Rd4 Kf6
53. Rd2 Nxc4+ 54. Bxc4 Rxc4 55. Kf3 Ke5 56. Kg2 Rc3 0-1

[Event "CTO. ABSOLUTO DE GIPUZKOA"]
[Site "Azkoitia"]
[Date "2010.11.20"]
[Round "6.13"]
[White "Izagirre Alsua, Aritz"]
[Black "Olabe Odriozola, Eduardo"]
[Result "1-0"]
[WhiteElo "1823"]
[BlackElo "1928"]
[PlyCount "41"]
[EventDate "2010.10.16"]

1. g3 e5 2. Nc3 Nc6 3. e4 Bc5 4. d3 a5 5. Bg2 d6 6. Nd5 Nge7 7. Bg5 O-O 8. Be3
Bxe3 9. Nxe3 f5 10. exf5 Nxf5 11. Nxf5 Bxf5 12. Ne2 Bg4 13. c3 Qg5 14. h3 Qf5
15. Bd5+ Kh8 16. hxg4 Qxf2+ 17. Kd2 Ne7 18. Rxh7+ Kxh7 19. Qh1+ Kg6 20. Qh5+
Kf6 21. g5+ 1-0

[Event "CTO. ABSOLUTO DE GIPUZKOA"]
[Site "Azkoitia"]
[Date "2010.11.20"]
[Round "6.14"]
[White "Goni Garmendia, Aitor"]
[Black "Kuende Gorostidi, Jon"]
[Result "0-1"]
[WhiteElo "1806"]
[BlackElo "1802"]
[PlyCount "64"]
[EventDate "2010.10.16"]

1. e4 Nc6 2. Nf3 e5 3. Bb5 Bc5 4. O-O Nf6 5. d3 Nd4 6. Nxd4 Bxd4 7. c3 Bb6 8.
Bg5 c6 9. Ba4 h6 10. Bh4 g5 11. Bg3 d6 12. Kh1 h5 13. f3 h4 14. Bf2 g4 15. Nd2
Bxf2 16. Rxf2 g3 17. Re2 h3 18. Nf1 Nh5 19. d4 Qh4 20. Qe1 hxg2+ 21. Rxg2 Bh3
22. Rxg3 Nxg3+ 23. Qxg3 Qf6 24. dxe5 dxe5 25. Rd1 Ke7 26. Qf2 Rag8 27. Ng3 b6
28. b4 Rg6 29. c4 Qf4 30. Nf5+ Bxf5 31. exf5 Rgh6 32. f6+ Ke6 0-1

[Event "CTO. ABSOLUTO DE GIPUZKOA"]
[Site "Azkoitia"]
[Date "2010.11.20"]
[Round "6.15"]
[White "Zubia Aramburu, Mikel"]
[Black "Cantabrana Garoña, Alejandro"]
[Result "1-0"]
[WhiteElo "1834"]
[BlackElo "1788"]
[PlyCount "72"]
[EventDate "2010.10.16"]

1. c4 c5 2. Nc3 g6 3. Nf3 Bg7 4. g3 Nc6 5. Bg2 e6 6. O-O Nge7 7. d3 O-O 8. Ne4
d6 9. Rb1 f5 10. Nc3 h6 11. e3 e5 12. Ne2 Be6 13. a3 Rb8 14. b4 cxb4 15. axb4
b5 16. c5 dxc5 17. bxc5 b4 18. Bb2 a5 19. d4 e4 20. Nd2 Qc7 21. Nf4 Bf7 22.
Nxe4 fxe4 23. Bxe4 g5 24. Nh5 Nd5 25. Nxg7 Kxg7 26. Bxd5 Bxd5 27. Qg4 Bf3 28.
Qe6 Nd8 29. Qc4 h5 30. d5+ Kh6 31. h4 Qd7 32. hxg5+ Kxg5 33. Qh4+ Kh6 34. e4
Qg4 35. Qe7 Nf7 36. d6 Ng5 1-0

[Event "CTO. ABSOLUTO DE GIPUZKOA"]
[Site "Azkoitia"]
[Date "2010.11.27"]
[Round "7.1"]
[White "Franco Alonso, Alejandro"]
[Black "Martin Alvarez, Inigo"]
[Result "1-0"]
[WhiteElo "2490"]
[BlackElo "2292"]
[PlyCount "64"]
[EventDate "2010.10.16"]

1. d4 d5 2. c4 c6 3. Nf3 Nf6 4. Nc3 a6 5. a4 e6 6. g3 Nbd7 7. Bg2 Bd6 8. O-O
O-O 9. Nd2 h6 10. e4 dxe4 11. Ndxe4 Bc7 12. b3 Nxe4 13. Nxe4 Nf6 14. Bb2 Nxe4
15. Bxe4 Qe7 16. Re1 Rd8 17. Qf3 Rb8 18. Bc2 b5 19. axb5 cxb5 20. c5 Qf6 21.
Qe2 g6 22. Be4 Qe7 23. b4 h5 24. Qf3 f5 25. Bc6 Qf7 26. Re2 f4 27. Qb3 h4 28.
Rae1 fxg3 29. fxg3 hxg3 30. hxg3 e5 31. Qxf7+ Kxf7 32. d5 Bd7 1-0

[Event "CTO. ABSOLUTO DE GIPUZKOA"]
[Site "Azkoitia"]
[Date "2010.11.27"]
[Round "7.2"]
[White "Urretavizcaya Merino, Asier"]
[Black "Irure Crespo, Egoitz"]
[Result "1/2-1/2"]
[WhiteElo "2097"]
[BlackElo "1977"]
[PlyCount "64"]
[EventDate "2010.10.16"]

1. d4 Nf6 2. Bf4 g6 3. e3 Bg7 4. Nf3 d5 5. Bd3 O-O 6. O-O c5 7. c3 Qb6 8. Qb3
c4 9. Qxb6 axb6 10. Bc2 Nc6 11. Na3 Bd7 12. Ne5 Nxe5 13. Bxe5 Ba4 14. Rfe1 Bxc2
15. Nxc2 e6 16. f3 Rfe8 17. e4 Nd7 18. Bxg7 Kxg7 19. Nb4 Nf6 20. Re2 Kf8 21.
Rae1 Rad8 22. Kf2 g5 23. h3 h5 24. g3 g4 25. hxg4 hxg4 26. exd5 gxf3 27. Kxf3
Nxd5 28. Nxd5 Rxd5 29. Re5 Red8 30. Kf4 Kg7 31. Rxd5 Rxd5 32. Re5 Rd6 1/2-1/2

[Event "CTO. ABSOLUTO DE GIPUZKOA"]
[Site "Azkoitia"]
[Date "2010.11.27"]
[Round "7.3"]
[White "Argandoña Riveiro, Iñigo"]
[Black "Etxagibel Larranaga, Asier"]
[Result "1-0"]
[WhiteElo "2408"]
[BlackElo "1964"]
[PlyCount "41"]
[EventDate "2010.10.16"]

1. e4 c5 2. Nc3 Nc6 3. Nge2 e6 4. g3 d6 5. Bg2 Nf6 6. O-O Be7 7. d4 cxd4 8.
Nxd4 e5 9. Nf5 O-O 10. Nxe7+ Qxe7 11. Bg5 Qe6 12. f4 Ne8 13. f5 Qc4 14. Nd5 f6
15. Be3 b6 16. g4 Ba6 17. Rf3 g5 18. h4 h6 19. Rh3 Kg7 20. hxg5 fxg5 21. Bxg5
1-0

[Event "CTO. ABSOLUTO DE GIPUZKOA"]
[Site "Azkoitia"]
[Date "2010.11.27"]
[Round "7.4"]
[White "Tejedor Txapartegi, Nabar"]
[Black "Guijarro Galan, Jose Luis"]
[Result "1-0"]
[WhiteElo "1995"]
[BlackElo "2222"]
[PlyCount "57"]
[EventDate "2010.10.16"]

1. e4 e6 2. d4 d5 3. Nc3 Bb4 4. Nge2 Nf6 5. Bg5 dxe4 6. a3 Be7 7. Bxf6 gxf6 8.
Nxe4 b6 9. N2g3 Bb7 10. Bb5+ c6 11. Ba4 f5 12. Nc3 Nd7 13. Qe2 Qc7 14. O-O-O
Bg5+ 15. Kb1 O-O-O 16. Qh5 f6 17. Rhe1 Nf8 18. Nge2 Bf4 19. Nxf4 Qxf4 20. Qf7
Qxf2 21. d5 exd5 22. Re7 Nd7 23. Nxd5 b5 24. Nxf6 Nc5 25. Rxd8+ Rxd8 26. Bb3 b4
27. Ne8 bxa3 28. Rxb7 a2+ 29. Kxa2 1-0

[Event "CTO. ABSOLUTO DE GIPUZKOA"]
[Site "Azkoitia"]
[Date "2010.11.27"]
[Round "7.5"]
[White "Garro Beraza, Haritz"]
[Black "Nogues Fernandez, Ramon"]
[Result "1/2-1/2"]
[WhiteElo "2153"]
[BlackElo "1908"]
[PlyCount "246"]
[EventDate "2010.10.16"]

1. e4 e5 2. Nf3 Nc6 3. Bb5 f5 4. d3 fxe4 5. dxe4 Nf6 6. Qe2 a6 7. Ba4 Bd6 8. c3
O-O 9. Nbd2 Qe7 10. Bb3+ Kh8 11. Nc4 Bc5 12. Bg5 d6 13. Ne3 Bxe3 14. Qxe3 Be6
15. Nd2 Na5 16. Bd1 Nc4 17. Nxc4 Bxc4 18. b3 Bb5 19. c4 Bc6 20. O-O Qe8 21. f3
Nh5 22. Bh4 Nf4 23. Be1 Qg6 24. Bg3 Rf6 25. Bc2 Qg5 26. Qf2 Rg6 27. Kh1 Rf8 28.
Rae1 Re8 29. Bxf4 Qxf4 30. Qe3 Qxe3 31. Rxe3 Rf6 32. Kg1 g5 33. Rd1 Kg7 34. b4
Ref8 35. Bd3 b6 36. Be2 h5 37. h3 a5 38. a3 axb4 39. axb4 Ra8 40. c5 bxc5 41.
bxc5 dxc5 42. Rc1 Ra5 43. Rec3 Rd6 44. Rxc5 Rxc5 45. Rxc5 Kf6 46. Kf2 h4 47.
Ke3 Ke6 48. Bc4+ Kf6 49. Bb3 Bd7 50. Rxc7 Bb5 51. Bd5 Bf1 52. Kf2 Bb5 53. Rf7+
Kg6 54. Re7 Kf6 55. Rf7+ Kg6 56. Rf8 Ba6 57. Rg8+ Kf6 58. g3 hxg3+ 59. Kxg3 Bb5
60. Rh8 Kg7 61. Rb8 Bd7 62. Rd8 Kf6 63. Bc6 Rxc6 64. Rxd7 Kg6 65. Kg4 Rf6 66.
Re7 Rf4+ 67. Kg3 Kf6 68. Re8 Rh4 69. Rf8+ Ke6 70. Rf5 Rh5 71. Kg4 Rh4+ 72. Kxg5
Rxh3 73. Kg4 Rh1 74. Kg5 Rg1+ 75. Kh6 Rg2 76. Rg5 Rh2+ 77. Kg6 Rh3 78. Rf5 Rg3+
79. Kh5 Rg1 80. Kh4 Rg2 81. Rg5 Rh2+ 82. Kg3 Rh1 83. Rg6+ Kf7 84. Rb6 Rg1+ 85.
Kh4 Rg2 86. Kh3 Rg1 87. Kh2 Rg8 88. Rb2 Kf6 89. Rg2 Rh8+ 90. Kg1 Rh3 91. Kf2
Rh1 92. Ke3 Ra1 93. Rd2 Re1+ 94. Kd3 Rf1 95. Ke2 Rh1 96. Rd6+ Kf7 97. Rb6 Ra1
98. Kd3 Ra3+ 99. Kc4 Rxf3 100. Kd5 Rh3 101. Rb7+ Kf6 102. Rb6+ Ke7 103. Kxe5
Rh5+ 104. Kd4 Rg5 105. Rh6 Ra5 106. Ke3 Rb5 107. Kf4 Ra5 108. Rh7+ Ke6 109. Rh8
Rb5 110. Re8+ Kf7 111. Rd8 Ke6 112. Ra8 Rc5 113. Ke3 Rh5 114. Kd4 Rg5 115. Ra6+
Ke7 116. Rc6 Rh5 117. e5 Rh1 118. Rc7+ Ke6 119. Rc6+ Ke7 120. Kc5 Rc1+ 121. Kb6
Rxc6+ 122. Kxc6 Ke6 123. Kc5 Kxe5 1/2-1/2

[Event "CTO. ABSOLUTO DE GIPUZKOA"]
[Site "Azkoitia"]
[Date "2010.11.27"]
[Round "7.6"]
[White "Fernandez Zubitur, Jokin"]
[Black "Ruiz Martinez, Isidro"]
[Result "1-0"]
[WhiteElo "1907"]
[BlackElo "1955"]
[PlyCount "99"]
[EventDate "2010.10.16"]

1. e4 g6 2. d4 Bg7 3. Nc3 d6 4. Nf3 Nf6 5. Be2 O-O 6. O-O c6 7. h3 Qc7 8. Be3
Nbd7 9. Nh2 e5 10. f4 Re8 11. dxe5 dxe5 12. f5 Nb6 13. Ng4 gxf5 14. exf5 Nbd5
15. Nxd5 Nxd5 16. Bh6 f6 17. Bc4 Qa5 18. b4 Qb6+ 19. Kh1 Qd4 20. Qxd4 exd4 21.
Bxd5+ cxd5 22. Rad1 Bxh6 23. Nxf6+ Kf7 24. Nxe8 Kxe8 25. Rxd4 Bd7 26. Rxd5 Bc6
27. Re5+ Kf7 28. b5 Be8 29. Rfe1 Bg5 30. R1e4 Rd8 31. Rc5 Rd7 32. a4 Be7 33.
Rce5 Rd1+ 34. Re1 Rxe1+ 35. Rxe1 Bh4 36. Re4 Bg3 37. Re3 Bf4 38. Rf3 Be5 39. g4
Kf6 40. Rd3 h5 41. Kg2 h4 42. Kf3 Bf7 43. Ke4 Bg3 44. Rc3 Be8 45. Rc8 Bd7 46.
Rd8 Ke7 47. Rh8 Kd6 48. g5 Ke7 49. Rh7+ Ke8 50. g6 1-0

[Event "CTO. ABSOLUTO DE GIPUZKOA"]
[Site "Azkoitia"]
[Date "2010.11.27"]
[Round "7.7"]
[White "Galarza Cenzano, Inigo"]
[Black "Priya Beitia, Aitor"]
[Result "1-0"]
[WhiteElo "2027"]
[BlackElo "1582"]
[PlyCount "65"]
[EventDate "2010.10.16"]

1. e4 c5 2. Nc3 Nc6 3. f4 e6 4. Nf3 a6 5. g3 d5 6. d3 d4 7. Ne2 Nf6 8. h3 h5 9.
Bg2 b5 10. a4 Bb7 11. axb5 axb5 12. Rxa8 Qxa8 13. Bd2 Be7 14. O-O O-O 15. Nh2
c4 16. g4 hxg4 17. hxg4 Qa2 18. g5 Nd7 19. Bc1 f5 20. exf5 exf5 21. Bd5+ Kh7
22. Nc3 Kg6 23. Nxa2 Nb6 24. Bg2 Rh8 25. Qe2 Kf7 26. Re1 Nc8 27. Bxc6 Bxc6 28.
Qe6+ Kf8 29. Qxc6 Nd6 30. Qa8+ Ne8 31. Nb4 Kf7 32. g6+ Kf6 33. Nd5+ 1-0

[Event "CTO. ABSOLUTO DE GIPUZKOA"]
[Site "Azkoitia"]
[Date "2010.11.27"]
[Round "7.8"]
[White "Ruiz Abad, Juan Manuel"]
[Black "Alvarado Fernandez, Mikel"]
[Result "1/2-1/2"]
[WhiteElo "1896"]
[BlackElo "2010"]
[PlyCount "69"]
[EventDate "2010.10.16"]

1. e4 g6 2. d4 Bg7 3. Nc3 c5 4. Nf3 cxd4 5. Nxd4 Nc6 6. Be3 d6 7. Bc4 a6 8. f3
Nf6 9. Qd2 Nxd4 10. Bxd4 O-O 11. O-O-O Qa5 12. Kb1 b5 13. Bb3 Bb7 14. Nd5 Qd8
15. Nxf6+ exf6 16. Be3 f5 17. exf5 Qf6 18. Bd4 Qxf5 19. Bxg7 Kxg7 20. Qxd6 a5
21. a3 a4 22. Ba2 Rfd8 23. Qe7 Bd5 24. Bxd5 Rxd5 25. Rxd5 Qxd5 26. Re1 Qd2 27.
Qe5+ Kg8 28. Qc3 Qxg2 29. Qc6 Rb8 30. Re8+ Rxe8 31. Qxe8+ Kg7 32. Qe5+ Kg8 33.
Qe8+ Kg7 34. Qe5+ Kg8 35. Qe8+ 1/2-1/2

[Event "CTO. ABSOLUTO DE GIPUZKOA"]
[Site "Azkoitia"]
[Date "2010.11.27"]
[Round "7.9"]
[White "Tung, Siu Hung"]
[Black "Bello Castaño, Diego"]
[Result "1/2-1/2"]
[WhiteElo "1875"]
[BlackElo "1893"]
[PlyCount "118"]
[EventDate "2010.10.16"]

1. e4 c6 2. d4 d5 3. e5 Bf5 4. Nf3 e6 5. Be2 c5 6. Be3 Nc6 7. O-O cxd4 8. Nxd4
Nxd4 9. Bxd4 Ne7 10. Bc5 Rc8 11. Bb5+ Nc6 12. Bxf8 Kxf8 13. Re1 Nb4 14. Na3
Nxc2 15. Nxc2 Bxc2 16. Qf3 a6 17. Be2 h6 18. Rac1 Be4 19. Qe3 Kg8 20. Rxc8 Qxc8
21. Rc1 Qd8 22. Qa7 Qg5 23. Rc8+ Kh7 24. Rxh8+ Kxh8 25. f3 Bxf3 26. Bxf3 Qc1+
27. Kf2 Qxb2+ 28. Be2 Qxe5 29. Qa8+ Kh7 30. Qxb7 Qf4+ 31. Bf3 a5 32. h3 Qd2+
33. Kf1 Qd3+ 34. Kg1 Qe3+ 35. Kh1 Qf4 36. Qb1+ Kg8 37. Qe1 Qb4 38. Qe2 a4 39.
Qc2 a3 40. Bd1 Qc4 41. Qf2 Qc1 42. Qf3 Qa1 43. Qe2 Kf8 44. Qc2 Kg8 45. Kg1 Qd4+
46. Kf1 e5 47. Qb3 e4 48. Be2 Qc5 49. Qb8+ Kh7 50. Qe5 Qc1+ 51. Kf2 Qd2 52.
Qf5+ Kg8 53. Qc8+ Kh7 54. Qc7 Qxa2 55. Qxf7 Qd2 56. Qf5+ Kg8 57. Qe6+ Kh8 58.
Qc8+ Kh7 59. Qf5+ Kg8 1/2-1/2